00611nam a22001937a 450000500170000000800410001704000090005804100080006708200180007510000560009324500830014926000540023230000260028636500120031265000120032465000230033665000120035970000460037120220616163012.0220616b ||||| |||| 00| 0 eng d cAloy aeng 223a530bDEPS aDepartment of Physics St Aloysius College Mangaluru aSouvenir: International Virtual Conference on Physics of Solid State Materials aMangalurubSt Aloysius College (Autonomous)c2020 avi,38p.bPBc29x21cm. 2Physics aPhysics a2-3 September 2020 aSeminar aDEPARTMENT OF PHYSICS ST ALOYSIUS COLLEGE